[Event "Open Nuevo Centro. Jornada 3"]
[Site "Chess.com"]
[Date "2020.07.03"]
[Round "6"]
[White "Casado Andreu, David"
[Black "Perrot, Fabien "
[Result "1-0"]
[WhiteElo "1498"]
[BlackElo "986"]
[PlyCount "63"]
[EventDate "2020.??.??"]
1. e4 e5 2. Nf3 Nc6 3. Bc4 Bc5 4. c3 Nf6 5. d3 O-O 6. Bb3 d6 7. Nbd2 Bg4 8. h3
Bh5 9. Nf1 Nd7 10. Ng3 Bg6 11. Bc2 Qe7 12. Qe2 Rae8 13. O-O a6 14. Bg5 Qe6 15.
Bb3 d5 16. Bxd5 Qd6 17. Nh4 Kh8 18. Nhf5 Bxf5 19. Nxf5 Qg6 20. Be3 Nb6 21. Bxc5
Nxd5 22. Bxf8 Rxf8 23. exd5 Qxf5 24. dxc6 bxc6 25. Rae1 Re8 26. d4 e4 27. Qg4
Qd5 28. Re3 f5 29. Qf4 g5 30. Qxg5 Rg8 31. Qf6+ Rg7 32. Rg3 1-0

[Event "Open Nuevo Centro. Jornada 3"]
[Site "Chess.com"]
[Date "2020.07.03"]
[Round "6"]
[White "Mart�nez Albelda, Mariela"
[Black "Valverde Alcaide, Miguel Alejandro"
[Result "1-0"]
[WhiteElo "1018"]
[BlackElo "857"]
[PlyCount "71"]
[EventDate "2020.??.??"]
1. d4 d5 2. c4 c6 3. cxd5 Qxd5 4. Nc3 Qd7 5. Bf4 Nf6 6. Nf3 Qd8 7. e3 Nbd7 8.
Bc4 e6 9. O-O Nh5 10. Ne5 Nxf4 11. exf4 Nxe5 12. dxe5 Qh4 13. g3 Qe7 14. Nb5
cxb5 15. Bxb5+ Bd7 16. Bxd7+ Qxd7 17. Qxd7+ Kxd7 18. Rfd1+ Ke7 19. Rd2 Rd8 20.
Rc2 f6 21. exf6+ Kxf6 22. Rac1 Bc5 23. Rxc5 Rd2 24. R5c2 Rhd8 25. Rxd2 Rxd2 26.
Rb1 g5 27. fxg5+ Kxg5 28. a4 a5 29. b4 axb4 30. Rxb4 Rd1+ 31. Kg2 Kf5 32. Rxb7
h5 33. a5 Ra1 34. Rf7+ Kg6 35. Ra7 Kf5 36. a6 1-0

[Event "Open Nuevo Centro. Jornada 3"]
[Site "Chess.com"]
[Date "2020.07.03"]
[Round "6"]
[White "Barber�n P�rez, Guillermo"
[Black "Saiz Sapena, Veronica"
[Result "0-1"]
[WhiteElo "1592"]
[BlackElo "1528"]
[PlyCount "56"]
[EventDate "2020.??.??"]
1. d4 d5 2. c4 c6 3. Nc3 Nf6 4. Nf3 Bf5 5. Bf4 a6 6. e3 e6 7. Bd3 Bxd3 8. Qxd3
Bb4 9. Be5 Nbd7 10. O-O Nxe5 11. dxe5 Bxc3 12. bxc3 Ne4 13. Nd2 Nxd2 14. Qxd2
dxc4 15. Qe2 b5 16. Rad1 Qa5 17. Qg4 O-O 18. f4 Qxc3 19. f5 Qxe3+ 20. Kh1 Qxe5
21. f6 g6 22. Rde1 Qh5 23. Qe4 Rac8 24. Rf3 Rfd8 25. Rh3 Qd5 26. Qh4 Qh5 27.
Qf4 Rd1 28. Qf3 Rxe1+ 0-1

[Event "Open Nuevo Centro. Jornada 3"]
[Site "Chess.com"]
[Date "2020.07.03"]
[Round "6"]
[White "Conejero Mart�nez, V�ctor"
[Black "Gutierrez Marco, Dario"
[Result "1-0"]
[WhiteElo "1474"]
[BlackElo "1831"]
[PlyCount "62"]
[EventDate "2020.??.??"]
1. d4 h6 2. c4 a6 3. Nc3 b6 4. Bf4 Bb7 5. Nf3 d6 6. e3 Nd7 7. Bd3 Ngf6 8. O-O
e6 9. Qc2 Be7 10. b4 O-O 11. a4 Nh5 12. Bg3 f5 13. b5 a5 14. d5 Nc5 15. dxe6
Nxd3 16. Qxd3 f4 17. Bxf4 Nxf4 18. exf4 Rxf4 19. Nd5 Bxd5 20. cxd5 Qf8 21. Rac1
Bd8 22. Rfe1 Qf6 23. Re4 Rf5 24. Rc2 Qa1+ 25. Re1 Qxa4 26. e7 Bxe7 27. Rxe7
Raf8 28. h3 Qa1+ 29. Qf1 Qf6 30. Rcxc7 Rxd5 31. Qc4 Qa1+ 1-0

[Event "Open Nuevo Centro. Jornada 3"]
[Site "Chess.com"]
[Date "2020.07.03"]
[Round "6"]
[White "URSARIU, NIKOLAS VICTOR"
[Black "Beneyto de Ramon, Guillermo"
[Result "0-1"]
[WhiteElo "1019"]
[BlackElo "1517"]
[PlyCount "90"]
[EventDate "2020.??.??"]
1. e4 Nf6 2. Nc3 e5 3. Nf3 Nc6 4. Bb5 Nd4 5. Nxd4 exd4 6. Ne2 c6 7. Bc4 Nxe4 8.
Nxd4 d5 9. Bb3 Bc5 10. c3 Qf6 11. O-O Bxd4 12. cxd4 Qxd4 13. d3 Nf6 14. Rb1 O-O
15. Bg5 Qe5 16. Bd2 Ng4 17. g3 Qh5 18. h4 Qg6 19. Qe2 Nf6 20. Bg5 Bg4 21. Qe3
Rfe8 22. Qd2 Bh3 23. Rfe1 h6 24. Rxe8+ Rxe8 25. Bxf6 Qxf6 26. Re1 Rxe1+ 27.
Qxe1 Qf3 28. Qf1 Bxf1 29. Kxf1 Qxd3+ 30. Kg2 Qb1 31. Kh2 Qxb2 32. Kg2 b5 33.
Kh2 a5 34. Kg2 a4 35. Bd1 Qxa2 36. Bf3 b4 37. Kh2 b3 38. Bd1 b2 39. Bc2 b1=Q
40. Bxb1 Qxb1 41. Kg2 a3 42. Kh2 a2 43. Kg2 a1=Q 44. Kf3 Qd3+ 45. Kf4 Qad4# 0-1

[Event "Open Nuevo Centro. Jornada 3"]
[Site "Chess.com"]
[Date "2020.07.03"]
[Round "6"]
[White "G�mez Alonso, �scar"
[Black "Carbonell Bofill, Carlos Eloy"
[Result "0-1"]
[WhiteElo "1781"]
[BlackElo "1983"]
[PlyCount "80"]
[EventDate "2020.??.??"]
1. d4 Nf6 2. Nf3 d5 3. c4 c6 4. Nc3 dxc4 5. a4 Bf5 6. e3 e6 7. Bxc4 Bb4 8. O-O
Nbd7 9. Bd2 a5 10. Re1 Ne4 11. Nxe4 Bxe4 12. Bxb4 axb4 13. b3 O-O 14. Bd3 Nf6
15. Bxe4 Nxe4 16. Qd3 Qd5 17. Nd2 Nxd2 18. Qxd2 Qxb3 19. Reb1 Rxa4 20. Qe1 Rxa1
21. Rxa1 Qc4 22. h3 b6 23. Rc1 Qb5 24. Qd2 Rc8 25. e4 f6 26. Rb1 c5 27. d5 e5
28. g4 h5 29. g5 Qc4 30. gxf6 Qxe4 31. Rb3 Qg6+ 32. Rg3 Qxf6 33. d6 Rd8 34. d7
Qf7 35. Qg5 Rxd7 36. Qxe5 Rd1+ 37. Kh2 Qxf2+ 38. Rg2 Qf7 39. Qb8+ Kh7 40. Qxb6
Qf4+ 0-1

[Event "Open Nuevo Centro. Jornada 3"]
[Site "Chess.com"]
[Date "2020.07.03"]
[Round "6"]
[White "Luque Saiz, Andr�s"
[Black "Vega Guti�rrez, Sabrina"
[Result "0-1"]
[WhiteElo "1955"]
[BlackElo "2165"]
[PlyCount "60"]
[EventDate "2020.??.??"]
1. e4 c5 2. Nf3 Nc6 3. Bb5 Nf6 4. Bxc6 dxc6 5. d3 g6 6. h3 Bg7 7. Nc3 Nd7 8.
Be3 e5 9. Qd2 h6 10. O-O Qe7 11. Nh2 Nf8 12. f4 exf4 13. Bxf4 Ne6 14. Be3 Nd4
15. a3 Be6 16. b4 O-O-O 17. Rab1 c4 18. Ne2 Nxc2 19. Qxc2 cxd3 20. Qa4 dxe2 21.
Rfe1 b5 22. Qa6+ Qb7 23. Qxa7 Qxa7 24. Bxa7 Bc4 25. Ng4 Bc3 26. Rec1 Ba2 27.
Ra1 Bxa1 28. Rxc6+ Kb7 29. Rb6+ Kxa7 30. Rxb5 e1=Q+ 0-1

[Event "Open Nuevo Centro. Jornada 3"]
[Site "Chess.com"]
[Date "2020.07.03"]
[Round "6"]
[White "Bosch Jord�, Ricard"
[Black "Mart�nez Carvajal, Juan Francisco"
[Result "1-0"]
[WhiteElo "1849"]
[BlackElo "1734"]
[PlyCount "67"]
[EventDate "2020.??.??"]
1. e4 c5 2. Nf3 Nc6 3. d4 cxd4 4. Nxd4 Nf6 5. Nc3 e5 6. Ndb5 d6 7. Bg5 a6 8.
Na3 b5 9. Bxf6 gxf6 10. Nd5 Bg7 11. c3 f5 12. exf5 Bxf5 13. Nc2 Rb8 14. Nce3
Be6 15. g3 Ne7 16. Bg2 f5 17. O-O f4 18. Nxe7 Qxe7 19. Nd5 Bxd5 20. Bxd5 h5 21.
Bc6+ Kf7 22. gxf4 exf4 23. Bd5+ Kf8 24. Qf3 Be5 25. Kh1 Ke8 26. Rg1 Kd7 27. Rg6
Kc7 28. Rag1 Kb6 29. Re6 Qc7 30. Qe4 Rhg8 31. Qxe5 Rxg1+ 32. Kxg1 Rg8+ 33. Kh1
Kc5 34. Qd4# 1-0

[Event "Open Nuevo Centro. Jornada 3"]
[Site "Chess.com"]
[Date "2020.07.03"]
[Round "6"]
[White "Zamora Soler, Raul"
[Black "Alvarez Usina, Jordi"
[Result "1-0"]
[WhiteElo "1781"]
[BlackElo "1263"]
[PlyCount "55"]
[EventDate "2020.??.??"]
1. e4 e5 2. Nf3 Nf6 3. Nc3 Bc5 4. d4 exd4 5. Nxd4 d6 6. Be3 O-O 7. Bd3 Re8 8.
O-O Bb6 9. Re1 Bd7 10. Nb3 Bc6 11. Bxb6 axb6 12. f3 Nbd7 13. Bb5 Bxb5 14. Nxb5
Nc5 15. Nxc5 bxc5 16. e5 Qd7 17. Nxc7 Qxc7 18. exf6 gxf6 19. c4 Kh8 20. b3 Rg8
21. Qd2 Rg6 22. Rad1 Rag8 23. Re2 Qc6 24. Qd5 Qc8 25. Qxd6 Qh3 26. Rdd2 Qxf3
27. Rf2 Qe3 28. Kf1 1-0

[Event "Open Nuevo Centro. Jornada 3"]
[Site "Chess.com"]
[Date "2020.07.03"]
[Round "6"]
[White "Perez Garcia, Jose Miguel"
[Black "Cruz LLedo, Pablo"
[Result "1/2-1/2"]
[WhiteElo "2157"]
[BlackElo "2504"]
[PlyCount "109"]
[EventDate "2020.??.??"]
1. d4 Nf6 2. Nf3 e6 3. g3 d5 4. Bg2 Be7 5. O-O O-O 6. c4 b6 7. Ne5 Bb7 8. Nc3
Nbd7 9. Qa4 Nxe5 10. dxe5 Nd7 11. cxd5 exd5 12. Nxd5 Nc5 13. Qd4 Bxd5 14. Qxd5
Qxd5 15. Bxd5 Rad8 16. e4 Nd3 17. e6 fxe6 18. Bxe6+ Kh8 19. Be3 Nxb2 20. Rfc1
c5 21. a4 Nd3 22. Rd1 Bf6 23. Ra2 Ne5 24. Rxd8 Rxd8 25. f4 Nf3+ 26. Kf2 Nd4 27.
Bd5 h5 28. Bf7 h4 29. e5 Be7 30. Rd2 a6 31. Bc4 b5 32. Bxd4 bxc4 33. Bc3 Rb8
34. Rd7 Bf8 35. e6 Rb3 36. Be5 c3 37. f5 c2 38. Bf4 Rb4 39. Bc1 Rb1 40. Bg5 Rd1
41. e7 Bxe7 42. Rxe7 c1=Q 43. Bxc1 Rxc1 44. gxh4 Rc4 45. Rc7 Rxa4 46. Rxc5 Rxh4
47. Kg3 Rh6 48. h4 Kg8 49. Kg4 Rb6 50. Kg5 Rb7 51. Rc8+ Kh7 52. Ra8 Rb6 53. Ra7
Rc6 54. h5 Rb6 55. Ra8 1/2-1/2

[Event "Open Nuevo Centro. Jornada 3"]
[Site "Chess.com"]
[Date "2020.07.03"]
[Round "6"]
[White "Teply Koutsky, David"
[Black "Roca Cruz, Rafael"
[Result "0-1"]
[WhiteElo "1627"]
[BlackElo "1840"]
[PlyCount "108"]
[EventDate "2020.??.??"]
1. d4 b5 2. e4 Bb7 3. Bxb5 Bxe4 4. Nf3 Nf6 5. Bd3 Bxd3 6. Qxd3 e6 7. c4 Be7 8.
O-O d6 9. Nc3 O-O 10. Bg5 Nbd7 11. d5 Nc5 12. Qc2 exd5 13. Bxf6 Bxf6 14. Nxd5
Rb8 15. Rab1 g6 16. Nxf6+ Qxf6 17. Rfe1 Rfe8 18. Rxe8+ Rxe8 19. b4 Nd7 20. a3
Qe6 21. h3 Qe2 22. Rb2 Qxc2 23. Rxc2 Re4 24. Kf1 f6 25. Nd2 Re6 26. Nf3 Re4 27.
Nd2 Re7 28. Nf3 Ne5 29. Nxe5 Rxe5 30. Re2 Kf7 31. Rxe5 fxe5 32. Ke2 c6 33. b5
cxb5 34. cxb5 d5 35. a4 Ke6 36. Kd3 Kd6 37. g3 Kc5 38. f3 g5 39. Kc3 h6 40. g4
d4+ 41. Kb3 Kd5 42. Kb4 e4 43. fxe4+ Kxe4 44. Kb3 Ke3 45. Kc2 Ke2 46. a5 d3+
47. Kc3 d2 48. b6 axb6 49. axb6 d1=Q 50. Kc4 Qd8 51. Kc5 Qb8 52. Kc6 Kf3 53. b7
Kg3 54. Kb6 Kxh3 0-1

[Event "Open Nuevo Centro. Jornada 3"]
[Site "Chess.com"]
[Date "2020.07.03"]
[Round "6"]
[White "Albuixech Sanz, Jorge"
[Black "Yuste Valenzuela, Alejandro"
[Result "0-1"]
[WhiteElo "1738"]
[BlackElo "1855"]
[PlyCount "76"]
[EventDate "2020.??.??"]
1. e4 c5 2. Nf3 d6 3. d4 cxd4 4. Nxd4 Nf6 5. Nc3 g6 6. f3 Bg7 7. Be3 O-O 8. Qd2
Nc6 9. g4 Be6 10. O-O-O Nxd4 11. Bxd4 Qa5 12. Kb1 Rfc8 13. Nd5 Qxd2 14. Nxf6+
Bxf6 15. Rxd2 Bg7 16. h4 Rc7 17. h5 Rac8 18. c3 Bxd4 19. Rxd4 a6 20. Be2 b5 21.
hxg6 fxg6 22. f4 Bc4 23. Bf3 a5 24. f5 b4 25. cxb4 axb4 26. fxg6 hxg6 27. Rd2
Kg7 28. g5 Rc5 29. e5 Rxe5 30. Rdh2 Rxg5 31. Rh7+ Kf6 32. Be4 d5 33. Bc2 d4 34.
b3 Bg8 35. Rf1+ Ke6 36. Rg7 Kd6 37. Bxg6 Bd5 38. Rff7 Rxg6 0-1

[Event "Open Nuevo Centro. Jornada 3"]
[Site "Chess.com"]
[Date "2020.07.03"]
[Round "6"]
[White "Ainsa Jimenez, Lucas"
[Black "Sanchis Bon, Sergi"
[Result "0-1"]
[WhiteElo "1001"]
[BlackElo "1027"]
[PlyCount "70"]
[EventDate "2020.??.??"]
1. e4 e5 2. Nf3 Qf6 3. Nc3 c6 4. Bc4 g5 5. d3 h6 6. O-O g4 7. Nd2 Qh4 8. g3 Qh3
9. Nb3 Ne7 10. Qd2 d5 11. exd5 cxd5 12. Nxd5 Nxd5 13. Bxd5 Nc6 14. Re1 Ne7 15.
Rxe5 Rb8 16. Qf4 Kd8 17. Qxf7 Nxd5 18. Qxd5+ Bd7 19. Nc5 Bxc5 20. Qxc5 Bc6 21.
Qd6+ Kc8 22. Qe6+ Kd8 23. Qf6+ Kc8 24. Qxh8+ Kc7 25. Qg7+ Kb6 26. Be3+ Ka6 27.
Ra5+ Kxa5 28. Qe5+ Ka6 29. Qa5+ Kxa5 30. b4+ Kb5 31. a4+ Kxb4 32. Rb1+ Kc3 33.
Bd4+ Kd2 34. Rd1+ Kxd1 35. Be3 Qg2# 0-1

[Event "Open Nuevo Centro. Jornada 3"]
[Site "Chess.com"]
[Date "2020.07.03"]
[Round "6"]
[White "Remolar Gallen, Jose"
[Black "Garcia, Jhoel"
[Result "1-0"]
[WhiteElo "2337"]
[BlackElo "2329"]
[PlyCount "113"]
[EventDate "2020.??.??"]
1. d4 Nf6 2. c4 e6 3. Nf3 b6 4. g3 Bb7 5. Bg2 Bb4+ 6. Nbd2 O-O 7. O-O a5 8. a3
Be7 9. b3 d5 10. Bb2 Nbd7 11. Rc1 c6 12. Qc2 Rc8 13. Rfd1 c5 14. Qb1 cxd4 15.
Nxd4 Nc5 16. cxd5 exd5 17. Bh3 Rb8 18. Nf5 Bc8 19. Nc4 Nce4 20. Nce3 Be6 21.
Be5 Rb7 22. Rc6 Bxa3 23. Qa1 Bc5 24. g4 Qd7 25. Qa4 b5 26. Qxe4 dxe4 27. Rxc5
Qc8 28. Rxc8 Bxc8 29. Bxf6 Bxf5 30. Bxg7 Kxg7 31. Nxf5+ Kf6 32. Ra1 a4 33. bxa4
b4 34. a5 b3 35. a6 b2 36. Rb1 Rb5 37. Nd4 Rb4 38. g5+ Kxg5 39. e3 Ra8 40. Bf1
Ra7 41. Kg2 Rc7 42. Nb5 Rc1 43. a7 Ra4 44. Rxb2 Raa1 45. Be2 Rg1+ 46. Kh3 Rgc1
47. f3 Rc5 48. fxe4 h5 49. Bf3 Ra5 50. e5 Rxe5 51. a8=Q Rxa8 52. Bxa8 Rxe3+ 53.
Kg2 h4 54. Nd4 h3+ 55. Kf2 Rd3 56. Nf3+ Kg6 57. Ne5+ 1-0

[Event "Open Nuevo Centro. Jornada 3"]
[Site "Chess.com"]
[Date "2020.07.03"]
[Round "6"]
[White "Kovacevic, Slobodan"
[Black "Chernikov, Vladimir"
[Result "0-1"]
[WhiteElo "2105"]
[BlackElo "2258"]
[PlyCount "114"]
[EventDate "2020.??.??"]
1. d4 Nf6 2. Nf3 c5 3. d5 b5 4. Bg5 Ne4 5. Bf4 Bb7 6. c3 Nf6 7. e4 Nxe4 8. Bxb5
g6 9. Qd3 Nf6 10. c4 Bg7 11. Nc3 O-O 12. O-O d6 13. Rfe1 Nh5 14. Bg5 Nf6 15.
Bf4 Nh5 16. Bg5 Nf6 17. Re2 h6 18. Bd2 Nbd7 19. Rae1 Re8 20. a3 Ng4 21. Qc2 a6
22. Ba4 Kh7 23. h3 Nge5 24. Nxe5 Bxe5 25. f4 Bd4+ 26. Kh1 e5 27. dxe6 Rxe6 28.
Rxe6 fxe6 29. Rxe6 Nf8 30. Re2 Qh4 31. Kh2 Bf2 32. Qd3 Rd8 33. Nd1 Bd4 34. g3
Qf6 35. Bc3 Ne6 36. Bxd4 Nxd4 37. Rf2 d5 38. Ne3 dxc4 39. Qxc4 Nf3+ 40. Rxf3
Bxf3 41. Qc2 Qd4 42. Nf1 Be4 43. Qe2 Qxa4 44. Ne3 Qd4 45. Kg1 Qd2 46. Kf2 Qxe2+
47. Kxe2 Bc6 48. g4 Bb5+ 49. Ke1 Re8 50. Kd2 Kg7 51. b3 Rd8+ 52. Kc2 Kf7 53. f5
Rd3 54. fxg6+ Kxg6 55. Nf5 Rxh3 56. Nd6 Bd3+ 57. Kd2 Kf6 0-1

[Event "Open Nuevo Centro. Jornada 3"]
[Site "Chess.com"]
[Date "2020.07.03"]
[Round "6"]
[White "Haoyou, Deng"
[Black "Valverde Caballero, Rafael"
[Result "0-1"]
[WhiteElo "1812"]
[BlackElo "1868"]
[PlyCount "114"]
[EventDate "2020.??.??"]
1. d4 Nf6 2. c4 e6 3. Nf3 d5 4. Nc3 Bb4 5. Bd2 O-O 6. a3 Bxc3 7. Bxc3 Ne4 8.
Rc1 dxc4 9. e3 b5 10. a4 c6 11. axb5 cxb5 12. b3 cxb3 13. Qxb3 a6 14. Bd3 Bb7
15. O-O Nd7 16. Bb4 Re8 17. Rc2 Rc8 18. Rfc1 Rxc2 19. Rxc2 Qb8 20. Nd2 Nxd2 21.
Bxd2 Rc8 22. Ba5 Nf6 23. f3 Rxc2 24. Qxc2 Qc8 25. Qxc8+ Bxc8 26. e4 Kf8 27. Kf2
Ke8 28. Ke3 Kd7 29. g4 Ne8 30. h4 Nd6 31. Bb4 Nb7 32. f4 Kc6 33. f5 a5 34. Bf8
g6 35. fxg6 fxg6 36. h5 e5 37. d5+ Kb6 38. hxg6 hxg6 39. g5 Nc5 40. Bg7 Nd7 41.
Kd2 Ba6 42. Bf1 b4 43. Bh3 Nc5 44. Bg2 Nd3 45. Bf1 Nf2 46. Bg2 Ng4 47. Bf3 Nf2
48. Bg2 a4 49. Bxe5 Kc5 50. d6 Bb5 51. Kc2 Ng4 52. Bg3 Ne3+ 53. Kb2 Nxg2 54. e5
Kd5 55. Kc2 Ne3+ 56. Kd2 Ng4 57. e6 Kxe6 0-1

[Event "Open Nuevo Centro. Jornada 3"]
[Site "Chess.com"]
[Date "2020.07.03"]
[Round "6"]
[White "Bercaru, Vlad Ionut"
[Black "Mar�n Corresa, Arturo"
[Result "1/2-1/2"]
[WhiteElo "1891"]
[BlackElo "2190"]
[PlyCount "119"]
[EventDate "2020.??.??"]
1. c4 e5 2. Nc3 Nf6 3. Nf3 Nc6 4. e3 Bb4 5. d4 e4 6. d5 exf3 7. dxc6 bxc6 8.
Qxf3 O-O 9. Bd2 Re8 10. Bd3 d5 11. cxd5 cxd5 12. O-O Bb7 13. Qg3 Bd6 14. Qg5 h6
15. Qh4 Ne4 16. Qxd8 Raxd8 17. Nxe4 dxe4 18. Bb5 Re5 19. Bc4 Rc5 20. Bb3 Ba6
21. Rfc1 Rg5 22. Bc3 Be2 23. Bd1 Bf3 24. Bxf3 exf3 25. g3 h5 26. h4 Rg4 27. Rd1
Re8 28. Bd4 a5 29. Rac1 f5 30. Bc5 Be5 31. Bd4 Bd6 32. Bc5 Be5 33. Bd4 Bxd4 34.
Rxd4 Rxd4 35. exd4 Re2 36. Rxc7 Rxb2 37. Rc8+ Kh7 38. Rc5 Rxa2 39. Rxf5 Ra3 40.
d5 g6 41. Rf7+ Kg8 42. Rf6 Kg7 43. Rf4 Rd3 44. d6 Rxd6 45. Rxf3 Ra6 46. Ra3 a4
47. Kf1 Kf6 48. Ke2 Ke5 49. Kd3 Kf5 50. Ke3 Kg4 51. Ke2 Kh3 52. Kf1 Kh2 53. f4
Ra5 54. Kf2 Kh3 55. Kf3 Kh2 56. Ra2+ Kh3 57. Ra1 Kh2 58. Ra2+ Kh3 59. Ra1 Kh2
60. Ra2+ 1/2-1/2

[Event "Open Nuevo Centro. Jornada 3"]
[Site "Chess.com"]
[Date "2020.07.03"]
[Round "6"]
[White "Reig Albero, Ferran"
[Black "Garrido Silos, Pablo"
[Result "1-0"]
[WhiteElo "1808"]
[BlackElo "1369"]
[PlyCount "137"]
[EventDate "2020.??.??"]
1. e4 e6 2. d4 d5 3. Nd2 dxe4 4. Nxe4 Nd7 5. Nf3 Ngf6 6. Nxf6+ Nxf6 7. Bd3 Be7
8. O-O O-O 9. Ne5 b6 10. Nc6 Qd7 11. Nxe7+ Qxe7 12. Bg5 Bb7 13. c3 h6 14. Bh4
e5 15. Re1 Qe6 16. Rxe5 Qc6 17. f3 Rfe8 18. Qe2 Rxe5 19. Qxe5 Re8 20. Qf5 Bc8
21. Qb5 Qe6 22. Re1 Qd7 23. Rxe8+ Nxe8 24. Qxd7 Bxd7 25. Kf2 Nd6 26. Ke3 Nf5+
27. Bxf5 Bxf5 28. Kf4 g6 29. Ke5 Kf8 30. Bd8 Bb1 31. a3 c5 32. dxc5 bxc5 33.
Kd5 c4 34. Kxc4 Ba2+ 35. Kc5 Bb3 36. c4 Ke8 37. Bc7 Kd7 38. Bf4 g5 39. Be3 Ke6
40. Kb4 Bd1 41. Ka5 Be2 42. c5 Kd5 43. b4 a6 44. a4 f5 45. b5 axb5 46. axb5 f4
47. Bf2 g4 48. fxg4 Bxg4 49. Kb6 Bd7 50. c6 Bf5 51. Kb7 Kc4 52. b6 Kb5 53. c7
Be4+ 54. Ka7 Bf5 55. b7 Kc6 56. b8=Q Kd7 57. Qd8+ Kc6 58. c8=Q+ Bxc8 59. Qxc8+
Kd5 60. Qf5+ Kc4 61. Qe5 f3 62. Qd4+ Kb5 63. Qc5+ Ka4 64. g3 h5 65. Be1 Kb3 66.
Qc3+ Ka2 67. Qb4 Ka1 68. Bc3+ Ka2 69. Qb2# 1-0

[Event "Open Nuevo Centro. Jornada 3"]
[Site "Chess.com"]
[Date "2020.07.03"]
[Round "6"]
[White "Valma�a Cant�, Jaime"
[Black "Cantero Navarro, Antonio"
[Result "1-0"]
[WhiteElo "2401"]
[BlackElo "1854"]
[PlyCount "155"]
[EventDate "2020.??.??"]
1. e4 c5 2. Nf3 Nc6 3. Bb5 g6 4. Bxc6 dxc6 5. O-O Bg7 6. d3 Nf6 7. h3 O-O 8.
Be3 b6 9. Nc3 Qc7 10. Qd2 e5 11. a3 a5 12. Na4 Nd7 13. b4 cxb4 14. axb4 b5 15.
Nc5 a4 16. Bh6 Nxc5 17. bxc5 Bxh6 18. Qxh6 Qe7 19. c3 f6 20. d4 exd4 21. cxd4
Be6 22. Rfe1 Bc4 23. d5 Qxc5 24. dxc6 Qxc6 25. e5 fxe5 26. Nxe5 Qf6 27. Kh1 Qf4
28. Qxf4 Rxf4 29. f3 Bb3 30. Re3 Rd4 31. Rxb3 axb3 32. Rxa8+ Kg7 33. Ra1 Kf6
34. Ng4+ Kg5 35. Rb1 Rb4 36. Kg1 b2 37. Kf2 h5 38. Ne3 Rb3 39. Nd1 Kf4 40. g3+
Ke5 41. Rxb2 Rxb2+ 42. Nxb2 Kd4 43. h4 b4 44. g4 hxg4 45. fxg4 Ke4 46. Kg3 b3
47. Nc4 Kd5 48. Nb2 Ke4 49. Na4 Ke5 50. Kf3 Kf6 51. Kf4 Kg7 52. Kg5 Kh7 53. Nb2
Kg7 54. Kf4 Kf6 55. Ke4 Ke6 56. Kd4 Kd6 57. Nd3 Ke6 58. Kc3 Kd5 59. h5 gxh5 60.
gxh5 Ke6 61. Kxb3 Kf5 62. Nf4 Ke5 63. Kc3 Kf5 64. Kd3 Ke5 65. Ke3 Kf5 66. Kf3
Kg5 67. Kg3 Kf5 68. Kh4 Kf6 69. Kg4 Kg7 70. Kg5 Kh7 71. h6 Kg8 72. Kg6 Kh8 73.
Nh5 Kg8 74. Ng3 Kh8 75. Nf5 Kg8 76. Nd6 Kh8 77. Nf7+ Kg8 78. h7+ 1-0

[Event "Open Nuevo Centro. Jornada 3"]
[Site "Chess.com"]
[Date "2020.07.03"]
[Round "6"]
[White "Sanchez Saez, Francisco"
[Black "Chofre Murcia, Adri�n"
[Result "0-1"]
[WhiteElo "2168"]
[BlackElo "1666"]
[PlyCount "198"]
[EventDate "2020.??.??"]
1. Nf3 d5 2. b3 Nc6 3. Bb2 Bf5 4. g3 e6 5. Bg2 Bd6 6. O-O Nf6 7. d3 O-O 8. Nbd2
Qe7 9. Nh4 Bg6 10. e4 dxe4 11. dxe4 Be5 12. Qc1 Rad8 13. Bxe5 Nxe5 14. f4 Neg4
15. Nxg6 hxg6 16. e5 Qc5+ 17. Kh1 Nf2+ 18. Rxf2 Qxf2 19. Nf3 Ng4 20. Qg1 Qxg1+
21. Kxg1 Ne3 22. c4 Rd7 23. Re1 Nxg2 24. Kxg2 Rfd8 25. Re2 Kf8 26. h4 Ke7 27.
g4 b6 28. Kg3 Rd3 29. Kg2 Rc3 30. Ng5 Rdd3 31. Ne4 Rc1 32. h5 gxh5 33. gxh5 Rd4
34. Kf3 Rf1+ 35. Kg4 Rg1+ 36. Kf3 Rh1 37. Kg4 Rg1+ 38. Kf3 Rd3+ 39. Kf2 Rh1 40.
Kg2 Rxh5 41. Ng3 Rh6 42. f5 Rxg3+ 43. Kxg3 exf5 44. Kf4 g6 45. Rd2 Rh4+ 46. Kf3
Re4 47. b4 Rxc4 48. a3 Re4 49. Rc2 Kd7 50. Rd2+ Ke6 51. Rc2 Kd5 52. Rxc7 Rxe5
53. Rxa7 f6 54. Rb7 Kc6 55. Rf7 Re6 56. a4 g5 57. b5+ Kc5 58. Rc7+ Kb4 59. Ra7
Rd6 60. Ra6 Rd3+ 61. Ke2 Rd6 62. a5 Kxb5 63. Ra8 bxa5 64. Rb8+ Ka4 65. Ke3 Re6+
66. Kd4 Re4+ 67. Kc3 g4 68. Rb1 Re3+ 69. Kc4 Ra3 70. Rf1 Ra2 71. Rxf5 Rc2+ 72.
Kd3 Rc6 73. Rf4+ Kb3 74. Rxg4 Rd6+ 75. Ke4 Re6+ 76. Kd5 Re5+ 77. Kd6 a4 78.
Rg3+ Kc2 79. Rg2+ Kc3 80. Rg3+ Kd4 81. Ra3 Ra5 82. Ke6 Ke4 83. Kxf6 Kd4 84. Ke6
Kc4 85. Kd6 Kb4 86. Rh3 a3 87. Rh4+ Kc3 88. Rh3+ Kb2 89. Rh2+ Kc1 90. Rh1+ Kd2
91. Rh2+ Ke3 92. Rh3+ Kf2 93. Rh2+ Kg3 94. Ra2 Kf4 95. Kc6 Ke4 96. Kb6 Ra8 97.
Kb5 Kd3 98. Kb4 Rb8+ 99. Kxa3 Kc3 0-1

[Event "Open Nuevo Centro. Jornada 3"]
[Site "Chess.com"]
[Date "2020.07.03"]
[Round "7"]
[White "Tormos Beltran, Maite"
[Black "SIMARRO PEIR�, ANDR�S"
[Result "1-0"]
[WhiteElo "1436"]
[BlackElo "1003"]
[PlyCount "39"]
[EventDate "2020.??.??"]
1. d4 d5 2. Nf3 Nf6 3. b3 e6 4. e3 Bd6 5. Bd3 b6 6. Bb2 Bb7 7. O-O Nbd7 8. Nbd2
c5 9. Ne5 cxd4 10. exd4 Nxe5 11. dxe5 Be7 12. exf6 Bxf6 13. Bxf6 Qxf6 14. Qh5
d4 15. Ne4 Qf5 16. Nd6+ Ke7 17. Nxf5+ exf5 18. Rae1+ Kf8 19. Bc4 Kg8 20. Qxf7#

[Event "Open Nuevo Centro. Jornada 3"]
[Site "Chess.com"]
[Date "2020.07.03"]
[Round "7"]
[White "Rabbani Perez, Ayoub "
[Black "Alvarez Usina, Joan"
[Result "0-1"]
[WhiteElo "253"]
[BlackElo "687"]
[PlyCount "36"]
[EventDate "2020.??.??"]
1. d4 d5 2. Qd3 Bf5 3. Qh3 Bxh3 4. gxh3 Nc6 5. Bg2 Nxd4 6. Be4 dxe4 7. Nf3 exf3
8. exf3 Nxf3+ 9. Ke2 Nd4+ 10. Kd3 Nb3+ 11. Kc3 Nxa1 12. Kc4 a5 13. h4 e6 14.
Rd1 Qxd1 15. Bh6 c6 16. Bxg7 b5+ 17. Kc3 b4+ 18. Kc4 Qd5# 0-1

[Event "Open Nuevo Centro. Jornada 3"]
[Site "Chess.com"]
[Date "2020.07.03"]
[Round "7"]
[White "Rodriguez Rodriguez, Joan David "
[Black "Reig Albero, Ferran"
[Result "0-1"]
[WhiteElo "1583"]
[BlackElo "1812"]
[PlyCount "36"]
[EventDate "2020.??.??"]
1. d4 Nf6 2. c4 e6 3. Nc3 d5 4. cxd5 exd5 5. Bg5 Nbd7 6. e3 Be7 7. Bd3 c6 8.
Nf3 O-O 9. O-O Re8 10. Qc2 Nf8 11. a3 a6 12. Rac1 Ne4 13. Bxe4 dxe4 14. Nxe4
Bf5 15. Nf6+ gxf6 16. Qxf5 fxg5 17. Ne5 f6 18. Qe6+ Nxe6 0-1

[Event "Open Nuevo Centro. Jornada 3"]
[Site "Chess.com"]
[Date "2020.07.03"]
[Round "7"]
[White "Lopez Mateo, Juan Carlos"
[Black "Perez Garcia, Jose Miguel"
[Result "1-0"]
[WhiteElo "2048"]
[BlackElo "2143"]
[PlyCount "43"]
[EventDate "2020.??.??"]
1. e4 c6 2. Ne2 d5 3. e5 c5 4. d4 Nc6 5. c3 Qb6 6. dxc5 Qxc5 7. b4 Qb6 8. Qxd5
Be6 9. Qe4 Rd8 10. Nf4 Bc8 11. Na3 Qc7 12. Nd5 Qxe5 13. Qxe5 Nxe5 14. Nc7+ Kd7
15. Bf4 f6 16. O-O-O+ Kxc7 17. Nb5+ Kb6 18. Rxd8 g5 19. Bxe5 fxe5 20. Rxf8 Be6
21. Na3 h5 22. Bc4 1-0

[Event "Open Nuevo Centro. Jornada 3"]
[Site "Chess.com"]
[Date "2020.07.03"]
[Round "7"]
[White "M�ndez Gim�nez , N�stor Emmanuel"
[Black "Pardo Ruiz, Beatriz"
[Result "0-1"]
[WhiteElo "1137"]
[BlackElo "1228"]
[PlyCount "56"]
[EventDate "2020.??.??"]
1. e4 e5 2. Nf3 Nc6 3. Bc4 Bc5 4. c3 Nf6 5. O-O d6 6. d4 exd4 7. cxd4 Bb6 8.
Ng5 O-O 9. Qb3 Qe7 10. e5 dxe5 11. dxe5 Nxe5 12. Nxf7 Nxc4 13. Qxc4 Rxf7 14.
Bf4 Be6 15. Qd3 Rd8 16. Qf3 Bg4 17. Qg3 Be6 18. Nc3 Nh5 19. Qf3 Nxf4 20. Ne4
Nh3+ 21. gxh3 Rxf3 22. Ng5 Qxg5+ 23. Kh1 Bxh3 24. Rg1 Qd5 25. Rxg7+ Kxg7 26.
Rg1+ Rg3+ 27. f3 Qxf3+ 28. Rg2 Qxg2# 0-1

[Event "Open Nuevo Centro. Jornada 3"]
[Site "Chess.com"]
[Date "2020.07.03"]
[Round "7"]
[White "Montesinos Diaz, Luis"
[Black "Yatseta Fernandez, Marc Kazymyr"
[Result "1-0"]
[WhiteElo "1819"]
[BlackElo "1576"]
[PlyCount "59"]
[EventDate "2020.??.??"]
1. d4 Nf6 2. Nf3 d5 3. e3 Bf5 4. b3 e6 5. Bb2 Nc6 6. Bd3 Ne4 7. Nbd2 Bb4 8. O-O
Nxd2 9. Nxd2 Bxd3 10. cxd3 O-O 11. Rc1 Rc8 12. f4 Qf6 13. Nf3 Kh8 14. Ne5 Nxe5
15. dxe5 Qg6 16. Qe2 Rfd8 17. a3 Be7 18. e4 dxe4 19. dxe4 Rd7 20. f5 exf5 21.
exf5 Qb6+ 22. Kh1 Qxb3 23. e6 fxe6 24. fxe6 Rdd8 25. Rf7 Bf6 26. Rxf6 gxf6 27.
Bxf6+ Kg8 28. Qg4+ Kf8 29. Qg7+ Ke8 30. Qe7# 1-0